01624 a2200193 45000010006000000050017000060080041000230030015000640400040000790800058001192450239001770200018004162640043004343000019004775050754004961000018012506500080012686500082013482526220260407155536.0260407a1995 arg spa dAR-UNSa-BCEJYS aAR-UNSa-BCEJYSbspacAR-UNSa-BCEJYS a657(083)xResoluciones Técnicas Contables. Informes10aNormas de exposición de estados contables en la República ArgentinapEmpresas industriales, comerciales y de servicios y entes sin fines de lucro. Resoluciones Técnicas Nº 8,9 y 11 de la F.A.C.P.C.E. Manual teórico práctico a950-537-318-X 1aBuenos Aires :bEdiciones Macchic1995 a174 p.c22 cm. a1. Antecedentes en el país y en normas internacionales - 2. Sustento teórico de la Resolución técnica Nº 8 - 3. Las cualidades de la información en general - 4. Las cualidades de la información contable - 5. La resolución técnica Nº 8. Normas generales de exposición contales. Principales novedades respecto a las normas vigentes con anterioridad - 6. La resolución técnica Nº 9. Normas particulares de exposición contable para entes comerciales, industriales y de servicios - 7. Modelos de estados contables conforme las resoluciones técnicas Nº8 y 9; excepciones a ciertas normas - 8. Resolución técnica Nº 11.Normas particulares de exposición contable para entes sin fines de lucro - 9. Casos de aplicación.1 aBiondi, Mario aRESOLUCION TECNICA Nº 8 RESOLUCION TECNICA Nº 9 RESOLUCION TECNICA Nº 11 a resolucion tecnica nº 8 resolucion tecnica nº 9 resolucion tecnica nº 11